| 000 | 00516nam a2200193Ia 4500 | ||
|---|---|---|---|
| 005 | 20250326142559.0 | ||
| 008 | 250326s9999 xx 000 0 und d | ||
| 037 | _aTextbook | ||
| 040 |
_aFMSL _beng _cFMSL |
||
| 041 |
_aeng _2eng |
||
| 084 |
_aT:(X:9) NO _qFMSL |
||
| 100 | _aLyhton RP | ||
| 245 | 0 |
_aTraining for development _cLyhton Rp; Pareek U |
|
| 250 | _aed2 | ||
| 260 |
_aNew Delhi _bNew Delhi, Viotar Pub. _c1990 |
||
| 300 | _a354p | ||
| 942 |
_cTB _hT:(X:9) NO |
||
| 999 |
_c1295685 _d1295685 |
||